[Event "Guillermo Garcia Memorial op"]
[Site "Santa Clara"]
[Date "2022.05.08"]
[Round "8"]
[White "Perez Alvarado, Lorenzo Alberto"]
[Black "Ramos Silvera, Roberto Alejandro"]
[Result "0-1"]
[WhiteElo "1845"]
[BlackElo "2287"]
[PlyCount "76"]
[EventDate "2022.04.30"]
[EventType "swiss"]
[EventRounds "9"]
[EventCountry "CUB"]
[SourceTitle "CBM 208 Extra"]
[Source "ChessBase"]
[SourceDate "2022.07.31"]
[SourceVersion "1"]
[SourceVersionDate "2022.07.31"]
[SourceQuality "1"]

1. d4 Nf6 2. Nf3 c5 3. d5 b5 4. c4 Bb7 5. Bg5 Ne4 6. Bf4 bxc4 7. Nc3 Qa5 8. Bd2 Nxd2 9. Nxd2 Ba6 10. e4 g6 11. Bxc4 Bg7 12. Qb3 0-0 13. 0-0 d6 14. Bxa6 Nxa6 15. Qb7 Rfb8 16. Qxe7 Rxb2 17. Nc4 Qxc3 18. Nxb2 Qxb2 19. Qxd6 Qb6 20. Qxb6 axb6 21. Rab1 Nb4 22. Rfd1 Kf8 23. f4 Nxa2 24. Rxb6 Nc3 25. Re1 Bd4+ 26. Kh1 Nxe4 27. h3 Re8 28. Rc1 c4 29. Rb7 c3 30. Rc7 Be3 31. R7xc3 Nxc3 32. Rxc3 Bxf4 33. g3 Be5 34. Rd3 Ke7 35. Kg2 Rc8 36. Ra3 Rc2+ 37. Kf1 Kd6 38. Ra7 Rc7 0-1

[Event "Guillermo Garcia Memorial op"]
[Site "Santa Clara"]
[Date "2022.05.07"]
[Round "7"]
[White "Alvarez Ruiz, Esteban"]
[Black "Perez Alvarado, Lorenzo Alberto"]
[Result "0-1"]
[WhiteElo "2145"]
[BlackElo "1845"]
[PlyCount "88"]
[EventDate "2022.04.30"]
[EventType "swiss"]
[EventRounds "9"]
[EventCountry "CUB"]
[SourceTitle "CBM 208 Extra"]
[Source "ChessBase"]
[SourceDate "2022.07.31"]
[SourceVersion "1"]
[SourceVersionDate "2022.07.31"]
[SourceQuality "1"]

1. c4 e6 2. Nf3 Nf6 3. g3 d5 4. Bg2 Be7 5. 0-0 0-0 6. d4 c6 7. Qc2 Nbd7 8. b3 b6 9. Rd1 Bb7 10. Nc3 Qc8 11. e4 dxe4 12. Ng5 Rd8 13. Ngxe4 Nxe4 14. Nxe4 Nf6 15. Nc3 Rd7 16. Bb2 Qd8 17. Ne2 b5 18. Nf4 Qf8 19. Nd3 c5 20. Bxb7 Rxb7 21. dxc5 Bxc5 22. cxb5 Ba3 23. Bxf6 gxf6 24. Qc3 Rxb5 25. Qxf6 Rf5 26. Qh4 Be7 27. Qe4 Bg5 28. h4 Bh6 29. b4 Rd8 30. Nc5 Rfd5 31. Rxd5 exd5 32. Qf5 Qe7 33. Rd1 d4 34. Ne4 Bg7 35. h5 h6 36. g4 Qxb4 37. g5 Qa4 38. Rd3 Qc6 39. gxh6 Qxh6 40. Rg3 d3 41. Nf6+ Kh8 42. Ng4 Qe6 43. Qg5 Rd5 44. Qd2 Rxh5 0-1

[Event "Guillermo Garcia Memorial op"]
[Site "Santa Clara"]
[Date "2022.05.06"]
[Round "6"]
[White "Perez Alvarado, Lorenzo Alberto"]
[Black "Rodriguez, Octavio"]
[Result "1-0"]
[WhiteElo "1845"]
[BlackElo "1922"]
[PlyCount "61"]
[EventDate "2022.04.30"]
[EventType "swiss"]
[EventRounds "9"]
[EventCountry "CUB"]
[SourceTitle "CBM 208 Extra"]
[Source "ChessBase"]
[SourceDate "2022.07.31"]
[SourceVersion "1"]
[SourceVersionDate "2022.07.31"]
[SourceQuality "1"]

1. d4 c5 2. d5 Nf6 3. Nc3 g6 4. Nf3 Bg7 5. e4 d6 6. h3 0-0 7. Bd3 Na6 8. a3 Nc7 9. 0-0 Rb8 10. Qe2 a6 11. a4 Bd7 12. a5 Qc8 13. Nd2 b5 14. axb6 Rxb6 15. Nc4 Rb8 16. Bd2 Nb5 17. Qd1 Ne8 18. f4 Nd4 19. Ne2 Bb5 20. Bc3 f5 21. exf5 gxf5 22. Ne3 Nc7 23. Ng3 e6 24. dxe6 Qxe6 25. Re1 Qg6 26. Ngxf5 Rxf5 27. Nxf5 Nxf5 28. Bxf5 Qxf5 29. Bxg7 Kxg7 30. Re7+ Kg6 31. Qxd6+ 1-0